Narraciones extraordinarias
Na minha lista:
| Autor principal: | |
|---|---|
| Formato: | Livro |
| Idioma: | espanhol |
| Publicado em: |
Madrid
EDAF
2003
|
| Edição: | 24a. ed |
| Colecção: | Biblioteca Edaf, 106
|
| Assuntos: | |
| Tags: |
Adicionar Tag
Sem tags, seja o primeiro a adicionar uma tag!
|
MARC
| LEADER | 00000nam a2200000 a 4500 | ||
|---|---|---|---|
| 001 | UCL6920 | ||
| 003 | CL-VaPUC | ||
| 008 | 040423e20030000SP |||||||||||||||||spa|d | ||
| 020 | |a 8471665018 | ||
| 082 | 0 | 4 | |a 813 |b POE |2 21 |
| 100 | |a Poe, Edgar Allan |e author |9 313715 | ||
| 245 | 1 | 0 | |a Narraciones extraordinarias |
| 250 | |a 24a. ed | ||
| 300 | |a 247 p | ||
| 942 | |c BK | ||
| 945 | |d 20040423 00:00:00 |a cmena | ||
| 260 | |a Madrid |b EDAF |c 2003 | ||
| 650 | 0 | |a Cuentos estadounidenses |9 265133 | |
| 650 | 0 | |a Literatura estadounidense |9 317168 | |
| 583 | |a last modification |c 20120511 12:08:05 |k Rodrigo Vera | ||
| 490 | 0 | |a Biblioteca Edaf, 106 | |
| 999 | |c 308799 |d 308797 | ||
| 952 | |0 0 |1 0 |4 0 |6 813_000000000000000_POE_2003 |7 0 |8 A |9 375631 |a BIBEDU |b BIBEDU |d 2019-11-21 |i 4008731 |l 1 |o 813 POE 2003 |p 4008731 |r 2022-09-15 |s 2022-08-29 |w 2019-11-21 |y BK |k LIT | ||
| 952 | |0 0 |1 0 |4 0 |6 813_000000000000000_POE_2003 |7 0 |8 A |9 375632 |a BIBEDU |b BIBEDU |d 2019-11-21 |i 400874K |o 813 POE 2003 |p 400874K |r 2019-11-21 |w 2019-11-21 |y BK |k LIT | ||